000 00445nam a2200193Ia 4500
005 20240823035538.0
008 240823s9999||||xx |||||||||||||| ||und||
020 _a978-81-222-0467-4
041 _aENGLISH
082 _A823.91 Q0
100 _aArun Joshi
245 4 _aThe Strange case of Billy Biswas
250 _a1st
260 _c2010
_bOrient Paper
500 _aYES
650 _aNovel
_bEnglish
942 _cBK
999 _c200943
_d200943